| 000 | 00766nam a2200253Ia 4500 | ||
|---|---|---|---|
| 008 | 160216s9999 xx 000 0 und d | ||
| 020 | _a978-0-415-35928-3 | ||
| 050 | _aMAIN LB 1556.7 | ||
| 050 | _b.G7L43 2006 | ||
| 245 | _aLearning to teach in the primary school / | ||
| 245 | _cedited by James Arthur, Teresa Grainger and David Wray. | ||
| 260 | _aNew York : | ||
| 260 | _bRoutledge. | ||
| 260 | _c2006 | ||
| 300 | _a467 pages : | ||
| 300 | _c25 cm. | ||
| 500 | _aIncludes bibliographical references and index. | ||
| 650 | _aElementary school teachers -- | ||
| 650 | _aElementary school teaching -- | ||
| 650 | _aElementary teaching -- | ||
| 650 | _xGreat Britain. | ||
| 650 | _xGreat Britain. | ||
| 650 | _xTraining of -- Great Britain. | ||
| 999 |
_c290865 _d290865 |
||